000 00939nmm a2200277 a 4500
001 ocm000884806
003 TR-IsHL
005 20201028144003.0
008 141121s2014 tu tur
007 cr cn
020 _a9786054977048
035 _a884806
_b(N$T)
050 0 4 _aPR4622.T9
_bT37 2014
090 0 4 _aPR4622.T9
_bT37 2014
100 1 _aDoyle, Arthur Conan
245 1 0 _aSherlock Holmes: tanık
_h[electronic resource] /
_cArthur Conan Doyle ; çev. Uğur Gülsün
260 _aİstanbul :
_bİlgi Kültür Sanat yayıncılık,
_c2014
300 _a601 p.
650 4 _aDil ve Edebiyat
650 4 _aLanguage and Literature
650 0 _aİngiliz romanı
650 0 _aEnglish fiction
650 7 _aLITERARY COLLECTIONS / European / English, Irish, Scottish, Welsh
_2bisacsh
700 1 _aGülsün, Uğur
856 4 0 _uhttp://search.ebscohost.com/login.aspx?direct=true&scope=site&db=e011xww&AN=884806
999 _c9190
_d9190